| Tag |
First Indicator |
Second Indicator |
Subfields |
| LEADER |
00000cam a2200000 4500 |
| 001 |
in00000093031 |
| 005 |
20150925085109.0 |
| 008 |
690925s1969 nyua 00110 eng |
| 010 |
|
|
|a 69018728
|
| 035 |
|
|
|a (OCoLC)00023524
|
| 035 |
|
|
|9 AAL1604AM
|
| 040 |
|
|
|a DLC
|c DLC
|d TXA
|d UtOrBLW
|
| 049 |
|
|
|a TXAM
|c [433145]
|
| 050 |
0 |
0 |
|a TK7874
|b .H5
|
| 082 |
0 |
|
|a 621.3817/3
|
| 100 |
1 |
|
|a Hibberd, R. G.
|
| 245 |
1 |
0 |
|a Integrated circuits ;
|b a basic course for engineers and technicians /
|c [by] R. G. Hibberd.
|
| 264 |
|
1 |
|a New York :
|b McGraw-Hill,
|c [1969]
|
| 300 |
|
|
|a xiii, 177 pages :
|b illustrations ;
|c 26 cm.
|
| 336 |
|
|
|a text
|b txt
|2 rdacontent
|
| 337 |
|
|
|a unmediated
|b n
|2 rdamedia
|
| 338 |
|
|
|a volume
|b nc
|2 rdacarrier
|
| 490 |
1 |
|
|a Texas Instruments electronics series
|
| 650 |
|
0 |
|a Integrated circuits.
|
| 830 |
|
0 |
|a Texas Instruments electronics series.
|
| 999 |
|
|
|a MARS
|
| 999 |
f |
f |
|s 2e84b20e-6fc0-3da2-b53a-3de2f7d13f6f
|i 76b0ebd4-de82-39be-8877-6c1771f9c13d
|t 0
|
| 952 |
f |
f |
|p ric
|a Texas A&M University
|b Rellis Campus
|c Joint Library Facility
|d Remote Storage
|t 0
|e TK7874 .H5
|h Library of Congress classification
|i unmediated -- volume
|m A14805507452
|
| 998 |
f |
f |
|a TK7874 .H5
|t 0
|l Remote Storage
|